Mechanické skúšky plášťov a izolačných materiálov káblov

Saved in:
Bibliographic Details
Main Author: Zeman, Juraj (Author)
Other Authors: Packa, Juraj (Thesis advisor)
Format: Manuscript Book
Language:Slovak
Published: Bratislava : STU v Bratislave FEI, 2023
Subjects:
Online Access:https://opac.crzp.sk/?fn=detailBiblioFormChildI6UVP&sid=08878EB2E7E37CD09F957BC0752B&seo=CRZP-detail-kniha
Tags: Add Tag
No Tags, Be the first to tag this record!

MARC

LEADER 00000ntm a22000003a 4500
001 stuzp91228
003 SK-STU
005 20241118095030.3
007 ta
008 150427s2015----xo-----f-mn---000-0-slo-d
040 |a STU  |b slo 
041 0 |a slo 
044 |a xo 
100 1 |a Zeman, Juraj  |u 032000  |4 aut  |U FEI Fakulta elektrotechniky a informatiky  |T FEI Ústav elektroenergetiky a aplikovanej elektrotechniky  |X 111551  |U E020  |Y 548  |7 111551 
242 0 1 |a Mechanical Tests of Sheathing and Insulating Materials of Cables  |y eng 
245 1 0 |a Mechanické skúšky plášťov a izolačných materiálov káblov 
260 |a Bratislava :  |b STU v Bratislave FEI,  |c 2023 
300 |a 67 s. 
650 4 |a mechanické vlastnosti  |2 slo 
650 4 |a káble  |2 slo 
650 4 |a pevnosť v ťahu  |2 slo 
650 4 |a ťažnosť  |2 slo 
650 4 |a cables  |2 eng 
650 4 |a tensile strength  |2 eng 
650 4 |a elongation at break  |2 eng 
650 4 |a mechanical properties  |2 eng 
700 1 |a Packa, Juraj  |u 032000  |k Z1  |4 ths  |U FEI Fakulta elektrotechniky a informatiky  |T FEI Ústav elektroenergetiky a aplikovanej elektrotechniky  |X 1923  |U E020  |Y 548  |7 A000001923 
856 4 |u https://opac.crzp.sk/?fn=detailBiblioFormChildI6UVP&sid=08878EB2E7E37CD09F957BC0752B&seo=CRZP-detail-kniha